Catálogo
 En Linea

Estadística dominicana 1979 : (Registro nro. 37473)

Detalles MARC
000 -CABECERA
campo de control de longitud fija 00598nam a2200169 a 4500
001 - NÚMERO DE CONTROL
campo de control 000037983
003 - IDENTIFICADOR DEL NÚMERO DE CONTROL
campo de control DO-SdBNP
005 - FECHA Y HORA DE LA ÚLTIMA TRANSACCIÓN
campo de control 20250422191443.0
008 - DATOS DE LONGITUD FIJA--INFORMACIÓN GENERAL
campo de control de longitud fija 130311s1980 000 spa d
040 ## - FUENTE DE LA CATALOGACIÓN
Centro catalogador/agencia de origen DO-SdBNP
Lengua de catalogación spa
Centro/agencia transcriptor BNPHU
110 ## - ENTRADA PRINCIPAL--NOMBRE DE ENTIDAD CORPORATIVA
Nombre de entidad corporativa o nombre de jurisdicción como elemento de entrada República Dominicana.
Unidad subordinada Secretariado Técnico de la Presidencia
-- Oficina Nacional de Estadísticas
9 (RLIN) 2319
245 10 - MENCIÓN DE TÍTULO
Título Estadística dominicana 1979 :
Resto del título comercio exterior.
260 ## - PUBLICACIÓN, DISTRIBUCIÓN, ETC.
Lugar de publicación, distribución, etc. Santo Domingo :
Nombre del editor, distribuidor, etc. Oficna Nancional de Estadística,
Fecha de publicación, distribución, etc. 1980.
300 ## - DESCRIPCIÓN FÍSICA
Extensión 508 p. :
Otras características físicas il. ;
Dimensiones 27 cm.
490 0# - MENCIÓN DE SERIE
Mención de serie Oficina Nacional de Estadística
Designación de volumen o secuencia 27
942 ## - ELEMENTOS DE PUNTO DE ACCESO ADICIONAL (KOHA)
Fuente del sistema de clasificación o colocación Dewey Decimal Classification
Tipo de ítem Koha Libro
Existencias
Estado de retiro Estado de pérdida Restricciones de uso No para préstamo Código de colección Localización permanente Ubicación/localización actual Ubicación en estantería Fecha de adquisición Número de inventario Total de préstamos Signatura topográfica completa Código de barras Fecha visto por última vez Precio válido a partir de Tipo de ítem Koha
      Excluido de préstamo Monografías: Libros y Folletos Patrimonio Dominicano Patrimonio Dominicano En catalogación 11.03.2013 LF1   37983-10 25.06.2020 25.06.2020 No se presta

Con tecnología Koha